| 000 -LEADER |
| fixed length control field |
00471nam a22001097a 4500 |
| 082 ## - DEWEY DECIMAL CLASSIFICATION NUMBER |
| Classification number |
TNC C4x42 W119 |
| 100 ## - MAIN ENTRY--PERSONAL NAME |
| Personal name |
Wade,E.C.S. and Phillips, G. Godfrey |
| 9 (RLIN) |
23592 |
| 245 ## - TITLE STATEMENT |
| Title |
Constitutional law : |
| Remainder of title |
An outline of the law and practice of the constitution , including central and local government and the constitutional relations of the British commonwealth and empire |
| Statement of responsibility, etc |
E.C.S. Wade and G.Godfrey Phillips |
| 250 ## - EDITION STATEMENT |
| Edition statement |
4th |
| 260 ## - PUBLICATION, DISTRIBUTION, ETC. (IMPRINT) |
| Place of publication, distribution, etc |
London |
| Name of publisher, distributor, etc |
Longmans |
| Date of publication, distribution, etc |
1950 |
| 300 ## - PHYSICAL DESCRIPTION |
| Extent |
535p. |